000 00524nam a2200193Ia 4500
005 20250923145445.0
008 008 250917s9999 xx 000 0 eng d
037 _aTextual
040 _aDSWL
_beng
_cDSWL
041 _aeng
_2eng
084 _aY0:4371x, N76
_qDSWL
245 0 _aViolence
_c Ed. by NormanTutt
260 _aLondon
_bHer Majesty's State Office
_c1976
300 _a278 p.
365 _aINR
_b45.93
925 _g45.93
942 _cTEXL
_hY0:4371x, N76
999 _c1451570
_d1451570